000 00375nam a22001457a 4500
020 _a9780074602379
040 _cNUST
082 _a621.833 MAI
100 _aMaitra, Gitin M.
_918462
245 _aHandbook of Gear Design
250 _a2nd Edition
260 _aNew Dehli:
_bMcGraw Hill Education,
_c2014.
650 _aHandbook of Gear Design
_9113052
942 _2ddc
_cBK
999 _c594936
_d594936